000 00526nam a22001937a 4500
999 _c174325
_d174325
005 20200605121405.0
010 _a133333
020 _c4.50
035 _a133333
037 _bBPPD/Pub.
082 _a847
100 _aکپور، کنھیا لال
245 _aنرم گرم /
_cکنھیا لال کپور
246 _aNaram Garam /
_bby Kanhaiya Lal Kapoor
260 _aDelhi
_bLajpatrai
_c1957 ء
270 _aUrdu Bazar
_bDelhi
300 _a191p.
_c19cm(Hb)
942 _2ddc
_cUR
_h847
_mک پ و